Which City in Asia? - Statistics

General Stats
  • This quiz has been taken 51,515 times
    51,491 since last reset
  • The average score is 16 of 25
Answer Stats
Description Letter Asian City % Correct
Has the world's tallest building D Dubai
97%
Yokohama is one of its suburbs T Tokyo
97%
Holy city for Muslims, Jews, and Christians J Jerusalem
93%
Straddles two continents I Istanbul
91%
Gangnam is one of its neighborhoods S Seoul
87%
Served by Pudong and Hongqiao airports S Shanghai
87%
Final destination of Hajj pilgrims M Mecca
83%
Where "Slumdog Millionaire" too place M Mumbai
82%
Also known as Saigon H Ho Chi Minh City
78%
Largest city in Mesopotamia B Baghdad
73%
Pakistan's most populous city K Karachi
71%
Japanese city famous for its beef K Kobe
71%
Home of Russia's Pacific fleet V Vladivostok
66%
Where you'd find the Terracotta Army X Xi'an
66%
Location of the Taj Mahal A Agra
60%
Capital of the Maldives M Malé
60%
Former residence of the Dalai Lama L Lhasa
53%
Biggest city on Hokkaido S Sapporo
51%
Largest city in the Indian state of Goa, named for a Portuguese explorer V Vasco da Gama
50%
City on Hong Kong's northern border S Shenzhen
48%
City near Lake Baikal which is also a territory in the board game Risk I Irkutsk
38%
Burmese city which is the namesake of a Las Vegas casino M Mandalay
34%
Main city on the island of Bali D Denpasar
32%
Chinese city notable for its ice sculpture festival H Harbin
26%
City in Bangladesh with the world's second longest beach C {Cox}'s Bazar
13%
No matching quizzes found
Score Distribution
Percent of People with Each Score
Percentile by Number Answered
Your Score History
You have not taken this quiz since the last reset